[Event "Ricany op-B"]
[Site "Ricany"]
[Date "2008.08.28"]
[Round "7"]
[White "Silhanek, Jindrich"]
[Black "Mala, Anna"]
[Result "0-1"]
[WhiteElo "1763"]
[BlackElo "1423"]
[PlyCount "62"]
[EventDate "2008.08.23"]
[EventType "swiss"]
[EventRounds "9"]
[EventCountry "CZE"]
[SourceTitle "CBM 126 Extra"]
[Source "ChessBase"]
[SourceDate "2008.11.05"]
[SourceVersion "1"]
[SourceVersionDate "2008.11.05"]
[SourceQuality "1"]

1. e4 e5 2. Nf3 Nc6 3. Bb5 a6 4. Ba4 Nf6 5. 0-0 b5 6. Bb3 Bc5 7. d3 0-0 8. Bg5 d6 9. h3 Na5 10. Nbd2 Bb6 11. c3 Nxb3 12. Nxb3 Re8 13. Re1 c5 14. Nbd2 h6 15. Bh4 Bd7 16. Nf1 a5 17. Ne3 Bc6 18. c4 b4 19. b3 Kh7 20. Nh2 g5 21. Bg3 Bd7 22. f3 Nh5 23. Nhf1 Nf4 24. Bh2 Qf6 25. Bxf4 gxf4 26. Nd5 Qd8 27. Nh2 h5 28. Re2 Rb8 29. Qe1 Qg5 30. h4 Qg7 31. Nxb6 Rxb6 0-1

[Event "Ricany op-B"]
[Site "Ricany"]
[Date "2008.08.24"]
[Round "2"]
[White "Fojtu, Tomas"]
[Black "Silhanek, Jindrich"]
[Result "1-0"]
[WhiteElo "1603"]
[BlackElo "1763"]
[PlyCount "94"]
[EventDate "2008.08.23"]
[EventType "swiss"]
[EventRounds "9"]
[EventCountry "CZE"]
[SourceTitle "CBM 126 Extra"]
[Source "ChessBase"]
[SourceDate "2008.11.05"]
[SourceVersion "1"]
[SourceVersionDate "2008.11.05"]
[SourceQuality "1"]

1. e4 c5 2. Nf3 Nc6 3. d4 cxd4 4. Nxd4 d6 5. Nxc6 bxc6 6. Bd3 g6 7. 0-0 Bg7 8. c3 Nf6 9. h3 Rb8 10. Nd2 0-0 11. f4 e5 12. f5 Nh5 13. Nf3 d5 14. fxg6 hxg6 15. Nh2 Qb6+ 16. Rf2 Nf6 17. Qf3 dxe4 18. Bxe4 Nxe4 19. Qxe4 Bf5 20. Qe2 Be6 21. Be3 Qc7 22. Ng4 f5 23. Nh2 Rfe8 24. Qa6 Rb7 25. Rd1 Bf7 26. Rfd2 Be6 27. Kh1 f4 28. Bc5 Kh7 29. Nf3 Bf6 30. Bd6 Qb6 31. Qxb6 axb6 32. Bxe5 Bxe5 33. Nxe5 Bxa2 34. Rd7+ Re7 35. Rxb7 Rxb7 36. Nxc6 Rc7 37. Rd6 b5 38. Ne5 Bb1 39. Rd7+ Rxd7 40. Nxd7 Kg7 41. Nc5 Kf6 42. Nb3 Ke5 43. Kg1 Bc2 44. Nd2 Bd3 45. Kf2 Kf5 46. g3 fxg3+ 47. Kxg3 Be2 1-0

[Event "Ricany op-B"]
[Site "Ricany"]
[Date "2008.08.24"]
[Round "3"]
[White "Hatas, Radim"]
[Black "Silhanek, Jindrich"]
[Result "1-0"]
[WhiteElo "1564"]
[BlackElo "1763"]
[PlyCount "91"]
[EventDate "2008.08.23"]
[EventType "swiss"]
[EventRounds "9"]
[EventCountry "CZE"]
[SourceTitle "CBM 126 Extra"]
[Source "ChessBase"]
[SourceDate "2008.11.05"]
[SourceVersion "1"]
[SourceVersionDate "2008.11.05"]
[SourceQuality "1"]

1. e4 c5 2. Nc3 e6 3. g3 d6 4. Bg2 Nc6 5. d3 g6 6. f4 Bg7 7. Nf3 Nge7 8. 0-0 0-0 9. Be3 a6 10. Qd2 b5 11. e5 f5 12. d4 c4 13. d5 exd5 14. Nxd5 Bb7 15. Ng5 dxe5 16. Ne6 Qd6 17. Nf6+ Rxf6 18. Qxd6 Rd8 19. Qc5 Rxe6 20. Bxc6 Bxc6 21. c3 Be4 22. Qc7 Re8 23. Rfe1 Nd5 24. Qa5 Bh6 25. Rad1 Nxe3 26. Rxe3 exf4 27. gxf4 Bxf4 28. Ree1 Bb8 29. Rd7 Bd6 30. h3 Bc5+ 31. Kh2 Rd6 32. Rd1 Bb6 33. Qb4 Rxd1 34. Rxd1 Bc7+ 35. Kg1 Bb6+ 36. Kh2 Bc7+ 37. Kg1 Bb6+ 38. Kf1 Bd3+ 39. Kg2 Re2+ 40. Kf3 Rf2+ 41. Kg3 f4+ 42. Kg4 Be2+ 43. Kg5 Bxd1 44. Qd6 Be3 45. Qd8+ Kf7 46. Qd7+ 1-0